The Land of Neverendings / (Record no. 2762)

MARC details
000 -LEADER
fixed length control field 01664cam a2200421 i 4500
001 - CONTROL NUMBER
control field 2762
003 - CONTROL NUMBER IDENTIFIER
control field FISKH
005 - DATE AND TIME OF LATEST TRANSACTION
control field 20240112134106.0
008 - FIXED-LENGTH DATA ELEMENTS--GENERAL INFORMATION
fixed length control field 171002s2017 nyua c 000 1 eng
010 ## - LIBRARY OF CONGRESS CONTROL NUMBER
LC control number 2017038516
020 ## - INTERNATIONAL STANDARD BOOK NUMBER
International Standard Book Number 9780553497892
020 ## - INTERNATIONAL STANDARD BOOK NUMBER
International Standard Book Number 9780553497908
020 ## - INTERNATIONAL STANDARD BOOK NUMBER
Canceled/invalid ISBN 9780553497915
Qualifying information (el)
020 ## - INTERNATIONAL STANDARD BOOK NUMBER
Canceled/invalid ISBN 9780571336562
040 ## - CATALOGING SOURCE
Original cataloging agency DLC
Language of cataloging eng
Transcribing agency DLC
Description conventions rda
Modifying agency DLC
042 ## - AUTHENTICATION CODE
Authentication code pcc
-- lcac
050 00 - LIBRARY OF CONGRESS CALL NUMBER
Classification number PZ7.S2539
Item number Lan 2017
082 00 - DEWEY DECIMAL CLASSIFICATION NUMBER
Classification number [Fic]
Edition number 23
100 1# - MAIN ENTRY--PERSONAL NAME
Personal name Saunders, Kate,
Dates associated with a name 1960-
245 14 - TITLE STATEMENT
Title The Land of Neverendings /
Statement of responsibility, etc. Kate Saunders.
250 ## - EDITION STATEMENT
Edition statement This paperback edition first published in 2018
260 ## - PUBLICATION, DISTRIBUTION, ETC.
Place of publication, distribution, etc. London :
Name of publisher, distributor, etc. Faber & Faber
Date of publication, distribution, etc. 2017
300 ## - PHYSICAL DESCRIPTION
Extent 317 pages :
Dimensions 20 cm
336 ## - CONTENT TYPE
Content type term text
Content type code txt
Source rdacontent
337 ## - MEDIA TYPE
Media type term unmediated
Media type code n
Source rdamedia
338 ## - CARRIER TYPE
Carrier type term volume
Carrier type code nc
Source rdacarrier
500 ## - GENERAL NOTE
General note Originally published: London : Faber & Faber Limited, Bloomsbury House, 2017.
520 ## - SUMMARY, ETC.
Summary, etc. "Emily's world is shattered after her sister dies and she finds she misses her sister's teddy bear, Bluey, almost as much as her sister. Then Emily dreams of talking toys who have a message from Bluey, but soon discovers that magic from the toy world is spilling out into the real world with disastrous consequences. Emily must decide whether finding Bluey is worth risking the lives of those she loves"--
650 #1 - SUBJECT ADDED ENTRY--TOPICAL TERM
Topical term or geographic name entry element Death
Form subdivision Fiction.
650 #1 - SUBJECT ADDED ENTRY--TOPICAL TERM
Topical term or geographic name entry element Supernatural
Form subdivision Fiction.
650 #1 - SUBJECT ADDED ENTRY--TOPICAL TERM
Topical term or geographic name entry element Toys
Form subdivision Fiction.
650 #1 - SUBJECT ADDED ENTRY--TOPICAL TERM
Topical term or geographic name entry element Teddy bears
Form subdivision Fiction.
650 #1 - SUBJECT ADDED ENTRY--TOPICAL TERM
Topical term or geographic name entry element Middle schools
Form subdivision Fiction.
650 #1 - SUBJECT ADDED ENTRY--TOPICAL TERM
Topical term or geographic name entry element Schools
Form subdivision Fiction.
650 #1 - SUBJECT ADDED ENTRY--TOPICAL TERM
Topical term or geographic name entry element Theater
Form subdivision Fiction.
906 ## - LOCAL DATA ELEMENT F, LDF (RLIN)
a 7
b cbc
c orignew
d 1
e ecip
f 20
g y-gencatlg
942 ## - ADDED ENTRY ELEMENTS (KOHA)
Source of classification or shelving scheme Dewey Decimal Classification
Koha item type Books
Suppress in OPAC No
Holdings
Withdrawn status Lost status Source of classification or shelving scheme Damaged status Not for loan Collection Home library Current library Shelving location Date acquired Total Checkouts Full call number Barcode Date last seen Price effective from Koha item type
    Dewey Decimal Classification     Fiction Footprints International School Library Network Toul Kork Campus Footprints International School Library Network Toul Kork Campus   01/12/2024   SAU Fic PZ7.S2539 FISBK072034 01/12/2024 01/12/2024 Books